书目信息 |
| 题名: |
孔子批判
|
|
| 作者: | 古棣 著 | |
| 分册: | 下 《论语》译说 | |
| 出版信息: | 长春 时代文艺出版社 2001 |
|
| 页数: | 657页 | |
| 开本: | 21cm | |
| 丛书名: | ||
| 单 册: | ||
| 中图分类: | B222.25 , B222.2 | |
| 科图分类: | ||
| 主题词: | 儒家 , 先秦哲学 | |
| 电子资源: | ||
| ISBN: | 7-5387-1509-6 | |
| 000 | 00901nam0 2200301 450 | |
| 001 | 1160326156 | |
| 005 | 20110928164825.48 | |
| 010 | @a7-5387-1509-6@dCNY32.00 | |
| 100 | @a20011024d2001 ekmy0chiy0110 ea | |
| 101 | 0 | @achi |
| 102 | @aCN@b220000 | |
| 105 | @ay z 000yb | |
| 106 | @ar | |
| 200 | 1 | @a孔子批判@Akong zi pi pan@h下@i《论语》译说@f古棣等著 |
| 210 | @a长春@c时代文艺出版社@d2001 | |
| 215 | @a657页@d21cm | |
| 330 | @a本卷立足于从方法上来研讨《论语》,除逐字逐句逐段进行今译和解说外,还一一排除了古人和近人对其的误解和曲解,批判之锋芒未曾消减。 | |
| 600 | 0 | @a孔丘@f(前551-前479) |
| 600 | 0 | @a孔丘@f(前551-前479)@x人物研究 |
| 605 | @a论语@x注释 | |
| 605 | @a论语 | |
| 606 | 0 | @a儒家 |
| 606 | 0 | @a先秦哲学 |
| 690 | @aB222.25@v4 | |
| 690 | @aB222.2@v4 | |
| 701 | 0 | @a古棣@Agu di@4著 |
| 801 | 0 | @aCN@bNLC@c20011026 |
| 905 | @a10447@dB222.2@eJY77:2 | |
| 孔子批判.下.《论语》译说/古棣等著 .-长春:时代文艺出版社,2001 |
| 657页;21cm |
| ISBN 7-5387-1509-6:CNY32.00 |
| 本卷立足于从方法上来研讨《论语》,除逐字逐句逐段进行今译和解说外,还一一排除了古人和近人对其的误解和曲解,批判之锋芒未曾消减。 |
| ● |
| 相关链接 |
|
|
|
|
正题名:孔子批判
索取号:B222.2/JY77:2
 
预约/预借
| 序号 | 登录号 | 条形码 | 馆藏地/架位号 | 状态 | 备注 |
| 1 | 7824536 | 278245365 | 学院路分馆/ [索取号:B222.2/JY77:2] | 在馆 | |
| 2 | 7824537 | 278245374 | 学院路分馆/ [索取号:B222.2/JY77:2] | 在馆 |